| 000 | 00881nam a22002771 4500 | ||
|---|---|---|---|
| 001 | 10467 | ||
| 003 | BD-RjUL | ||
| 005 | 20211208234947.0 | ||
| 008 | 140123s1960 nyu b 001 0 eng | ||
| 035 | _a(BD-RjUL)10515 | ||
| 040 |
_aDLC/ICU _cICU _dDLC _dBD-RjUL _beng |
||
| 041 | _aeng | ||
| 082 | 0 | 0 |
_a547.86 _bBEN |
| 100 | 1 |
_aBentley, K. W. _q(Kenneth Walter) _932340 |
|
| 245 | 1 | 4 | _aThe natural pigments. |
| 260 |
_aNew York : _bInterscience Publishers, _c1960. |
||
| 300 |
_a306 p. ; _c24 cm. |
||
| 490 | 1 |
_aThe Chemistry of natural products; a series of texts on the constitution of natural products, _vv. 4 |
|
| 504 | _aIncludes bibliography and index. | ||
| 650 | 0 |
_aPigments. _932341 |
|
| 830 | 0 |
_vv. 4. _932345 |
|
| 830 | 0 |
_aChemistry of natural products (Interscience Publishers) ; _932346 |
|
| 942 |
_2ddc _cBK |
||
| 999 |
_c10467 _d10467 |
||